00390pab a2200133 454500008004000000100001900040245010600059260000900165300001300174362000800187650001800195650001500213773002800228180718b2015 xxu||||| |||| 00| 0 eng d aPark, Chan-ung aInstitutional embeddedness of market integration: The formation of free trade agreements in 1957-2008 c2015 ap.39-60. aJan aGlobalization aFree Trade aInternational Sociology